000 00455nam a2200157 i 4500
001 44816
003 ES-MaACL
007 t|
008 030324s1905 it ||||1| ita d
100 1 _aClodd, Edward.
_939277
245 1 0 _aMiti e sogni /
_cEdward Clodd ; traduzione de Giuseppe Nobili.
260 _aTorino :
_bFratelli Bocca,
_c1905 (
_fV. Bona)
300 _aVIII, 252 p. ;
_c21 cm.
700 1 _aNobili, Giuseppe.
_985803
852 _aES-MaACL
_jB-4016
999 _c44816
_d44816